Ján Pavol II. - prvý misionár

Bibliographic Details
Main Author: Tomko, Jozef, 1924-2022 (Author)
Format: Article
Language:Slovak
PhysicalDescription:Fotogr.
ISSN:0139-8512
Subjects:

MARC

LEADER 00000nab a2200000 a 4500
001 vtls000671356
003 SK-MaSNL
005 20260303231039.0
008 040806c1998 xo 0 slo
015 |a SNBRB1998/10-29011 
035 |a CLN000023533 
040 |a SNKBUCL  |b slo  |c SNKBUCL  |e AACR2 
041 0 |a slo 
044 |a xo  |c SK 
080 |a 2-051  |2 UDC-MRF-SK2 
080 |a 262.13  |2 UDC-MRF-SK2 
080 |a 929 Ján Pavol II.  |2 UDC-MRF-SK2 
100 1 |a Tomko, Jozef,  |d 1924-2022  |4 aut  |9 90154 
245 1 0 |a Ján Pavol II. - prvý misionár  |c Jozef Tomko 
300 |b Fotogr. 
600 0 7 |a Ján Pavol  |b II.,  |c pápež,  |d 1920-2005  |2 snkbucl  |9 106999 
610 2 7 |a Katolícka cirkev.  |b Pápež (1978-2005 : Ján Pavol II.)  |2 snkbucl  |9 114944 
650 0 7 |a pastoračné cesty  |2 snkbucl  |9 4155 
773 0 |x 0139-8512  |t Katolícke noviny  |g Roč. 113, č. 42 (1998), príl. s. IV-V 
850 |a Slovenská národná knižnica v Martine 
852 |a SNK  |b KIS3GCP 
999 |c 2264913  |d 2266843